00757nam a2200241 a 4500001001300000003000900013005001700022008004100039020001000080082001500090100002300105245005600128260005900184300000900243500003500252650003000287650002500317700002300342902000800365942000700373952011800380999001700498nice12345678IN_TiNIC20260116015338.0100205s2003 swea grp 000 0 eng  ac50000a291.4bLUN aLundstrom, Ed Klas aChurch Life and Theological Education in Tamil Nadu aSweden bSweedish Institute of Mission Research c2003 a315p aincludes index and biblioraphy aChristianity and Hinduism aComparative Religion1 aLundstrom, Ed Klas bSRS cBK 001040708StackRoom-aHMIbHMId2010-02-05g500.00l0o291.4 LUNp11002104r2010-02-05v500.00w2010-02-05yBK c19322d19322